000 00901nam1a22002651i 4500
001 rc\4606584
005 20240726005413.0
035 _a(NLR Aleph) 008391246
090 _a9178719
_c9178719
100 _a20130416d1968 |||y0rusy50 ca
101 0 _arus
102 _aRU
105 _a z |||||
200 1 _aОсновы теории надежности радиотехнических систем
_eУчеб. пособие
_e[Ч. 1-
_fМ-во обороны СССР
210 _aМосква]
_cБ. и.
_d1968
215 _d21
300 _aАвт. Ч. 2 - А.А. Бычков, Н.Н. Орищенко
300 _aОтпеч. множит. аппаратом
333 _aПродаже не подлежит
700 1 _aОрищенко
_bН.Н.
701 1 _aБычков
_bА.А.
801 0 _aRU
_bNLR
_gpsbo
801 1 _aRU
_bELAR
_2rusmarc
852 _aNLR
_j50К/15837
942 _cBOOK